000 01083nam a22002417a 4500
005 20100805104035.0
010 _aHIN-89988
020 _a817119379X
_c65.00
035 _aHN-62334
037 _bDBAD / PUB
082 _a
100 _aमहाश्वेता देवी
_96428
245 _aशालगिरह की पुकार पर /
_cमहाश्वेता देवी
246 _aShaalgirah Ki Pukar Per
_bby Mahashweta Devi
260 _aनई दिल्ली
_bराधाकृष्ण प्रकाशन
_c1998
270 _a2/38, अंसारी रोड़, दरियागंज
_bनई दिल्ली
_e110002
300 _a184पृ.
_c18सेमी (सजिल्द)
650 _bहिन्दी कथा साहित्य
_9657
650 _bHindi Katha Sahitya
_9658
700 _95361
942 _2ddc
_cHN
_h
_mमहाश्वे
999 _c39343
_d39343